| 000 | 00432cam a2200169ua 4500 | ||
|---|---|---|---|
| 003 | OSt | ||
| 008 | 240321b |||||||| |||| 00| 0 eng d | ||
| 020 | _a81-7216-030-5 | ||
| 041 | _aeng | ||
| 082 |
_a796.01 _bMUT/PE |
||
| 100 |
_aMuthiah, C.M . _96152 |
||
| 245 | _aPerspective of sports science / | ||
| 260 |
_a : _bFriends Publications India , _c1996. |
||
| 300 | _a286 ; . | ||
| 700 | 1 |
_aJitendra, Mohan . _96153 |
|
| 942 | _cBK | ||
| 999 |
_c4859 _d4859 |
||